El fuego secreto de los filósofos
Saved in:
| Main Author: | |
|---|---|
| Other Authors: | |
| Format: | Unknown |
| Language: | English |
| Published: |
Girona, España:
Atalanta,
2006
|
| Edition: | Quinta edición |
| Series: | Imaginatio Vera
|
| Subjects: | |
| Tags: |
Add Tag
No Tags, Be the first to tag this record!
|
MARC
| LEADER | 00000 a2200000 4500 | ||
|---|---|---|---|
| 003 | CL-VaPUC | ||
| 005 | 20240502122433.0 | ||
| 008 | 240425t2016 ||||| |||| 00| 0 eng d | ||
| 999 | |c 443518 |d 443516 | ||
| 020 | |a 9788493778422 | ||
| 040 | |c Pontificia Universidad Católica de Valparaíso | ||
| 082 | 0 | 4 | |2 22 |a 128.3 HAR 2016 |
| 100 | 1 | |a Harpur, Patrick |e autor |9 888633 | |
| 245 | 1 | 3 | |a El fuego secreto de los filósofos |
| 250 | |a Quinta edición | ||
| 260 | |a Girona, España: |b Atalanta, |c 2006 | ||
| 300 | |a 479 páginas | ||
| 490 | 0 | |a Imaginatio Vera |n ; 45 | |
| 583 | |k Cristina María Rojas Aguilar |c 20240425 | ||
| 650 | 1 | |a Imaginación (Filosofía) |9 883531 | |
| 650 | 1 | |a Mitología |x Historia |9 888634 | |
| 700 | |a Almansa Salomó, Fernando |e traducción |9 888635 | ||
| 942 | |2 ddc |c BK | ||
| 952 | |0 0 |1 0 |2 ddc |4 0 |6 128_300000000000000_HAR_2016 |7 0 |8 A |9 594093 |a BIBART |b BIBART |d 2024-04-17 |e 135 |g 53000.00 |i 5660735 |o 128.3 HAR 2016 |p 5660735 |r 2025-03-13 |t 1 |v 53000.00 |w 2024-04-17 |y BK |k ART | ||